• 首页
  • 本馆介绍
  • 公告通知
  • 最新文献
  • 馆藏检索
  • 电子资源
  • 读者导购
  • 参考咨询
  • 我的图书馆
  • 登录
  • 详细信息显示
  • 放入我的书架
  • 预约/预借图书
  • 作者相关作品
  • 分类相关作品
  • 丛书相关作品
  • 出版社相关作品

书目信息

  • 表格格式
  • 工作单格式
  • 卡片格式
题名:
川大史学
    
 
作者: 石硕 主编
分册: 第二辑   民族卷
出版信息: 成都   四川大学出版社  2016
页数: 407页
开本: 21cm
丛书名:
单 册:
中图分类: K0-53 , K28-53
科图分类:
主题词: 史学--shi xue--文集 , 民族历史--min zu li shi--中国--文集 , 民族学--min zu xue--中国--文集
电子资源:
ISBN: 978-7-5614-9878-1
000 01103nam0 22002771 450
001 1731234463
005 20170602161210.0
010    @a978-7-5614-9878-1@dCNY35.00
100    @a20161117d2016 em y0chiy50 ea
101 0  @achi
102    @aCN@b510000
105    @ay z 000yy
106    @ar
200 1  @a川大史学@Achuan da shi xue@h第二辑@i民族卷@f石硕主编
210    @a成都@c四川大学出版社@d2016
215    @a407页@d21cm
304    @a英文共同题名:Historical studies at Sichuan University collection II: 2006-2016
330    @a本书收录了最近十年(2006-2015年)四川大学历史文化学院等单位的教师及个别博士研究生涉及民族史、民族学研究的21篇代表性论文,包括《完整的历史经验:天下的“夷狄之维”》《汶川羌族文化略论》《从“禹兴西羌”说到广义的禹羌文化》《从对清代藏史中“满洲”一词的解析看藏满关系》等。
606 0  @a史学@Ashi xue@j文集
606 0  @a民族历史@Amin zu li shi@y中国@j文集
606 0  @a民族学@Amin zu xue@y中国@j文集
690    @aK0-53@v5
690    @aK28-53@v5
701  0 @a石硕@Ashi shuo@f(1957~)@4主编
801  0 @aCN@bTANG WEI@c20170527
905    @b0970508-12@dK0-53@e113@f5
    
    川大史学.第二辑.民族卷/石硕主编.-成都:四川大学出版社,2016
    407页;21cm
    
    
    ISBN 978-7-5614-9878-1:CNY35.00
    本书收录了最近十年(2006-2015年)四川大学历史文化学院等单位的教师及个别博士研究生涉及民族史、民族学研究的21篇代表性论文,包括《完整的历史经验:天下的“夷狄之维”》《汶川羌族文化略论》《从“禹兴西羌”说到广义的禹羌文化》《从对清代藏史中“满洲”一词的解析看藏满关系》等。
●
相关链接 在E读中查询图书 在五车中查询图书 在当当中查询图书 在豆瓣中查询图书


正题名:川大史学     索取号:K0-53/113         预约/预借

序号 登录号 条形码 馆藏地/架位号 状态 备注
1 0970508   209705087   第二样本阅览室/ [索取号:K0-53/113] 在馆    
2 0970509   209705096   第二借阅区/ [索取号:K0-53/113] 在馆    
3 0970510   209705103   第二借阅区/ [索取号:K0-53/113] 在馆    
4 0970511   209705112   第二借阅区/ [索取号:K0-53/113] 在馆    
5 0970512   209705121   第二借阅区/ [索取号:K0-53/113] 在馆    
唐山师范学院图书馆 欢迎您!
大连网信软件有限公司© 版权所有